| 000 | 00517nam a2200193Ia 4500 | ||
|---|---|---|---|
| 005 | 20250326141118.0 | ||
| 008 | 250326s9999 xx 000 0 und d | ||
| 020 | _a81-7554-062-1 | ||
| 037 | _aTextbook | ||
| 040 |
_aFMSL _beng _cFMSL |
||
| 041 |
_aeng _2eng |
||
| 084 |
_aX:51 N6 _qFMSL |
||
| 100 |
_aStone M _9737907 |
||
| 245 | 0 |
_aRelationship marketing _cStone M; Woodcock N |
|
| 260 |
_aLondon _bLondon, Kogan Page _c1997 |
||
| 300 | _a190p | ||
| 942 |
_cTB _hX:51 N6 |
||
| 999 |
_c1288756 _d1288756 |
||